| 000 | 00339nam a2200121Ia 4500 | ||
|---|---|---|---|
| 008 | 220204s9999 xx 000 0 und d | ||
| 082 |
_a635.054(7) _bELI |
||
| 100 | _aELIAS, Thomas S | ||
| 245 | 0 | _aComplete trees of north America: Field guide and natural history | |
| 260 |
_aNew York _bVan Nostrand _c1980 |
||
| 650 | _aTrees | ||
| 942 | _cBK | ||
| 999 |
_c35564 _d35564 |
||